000 00302nam a22001097a 4500
082 _a669.14 BAS'M
100 _aBASHFORTH, G. REGINALD
_952091
245 _aTHE MANUFACTURE OF IRON AND STEEL THE MECHANICAL TREATMENT OF STEEL
250 _aVOL-4
260 _aLONDON
_bCHAPMAN & HALL
_c1962
942 _cBK
999 _c585118
_d585118